Bienvenue à la Médiathèque de Saint-Andiol
banniere
Accueil Recherche avancée Mon compte
handi1 Rechercher dans le catalogue

Filtre   Mots-clés
  Recherche avancée
 
Lister les dernières nouveautés
 
Lister les livres GROS CARACTERES
 
Lister les périodiques (magazines)

handi1 House of cards

Book Cover
Auteur principal : James Foley
Autres auteurs : Allen Coulter David Fincher
Autres auteurs : Beau Willimon Kate Barnow Rick Cleveland Andrew Davies Jeff Beal Kevin Spacey Robin Wright Michael Kelly Kristen Connolly Kate Mara
Titre : House of cards
Support :
Langue : Francais
Genre : Série télévisée
Sujets :
Étiquettes :
Pas de tags
LEADER 02162nlm0a2200493 450
001 16867051
100 |a 20131023d2013 u u0frey01 ba 
101 1 |a fre  |c fre 
102 |a US 
200 0 |a House of cards  |f David Fincher, Allen Coulter, James Foley, réal.  |g Beau Willimon, adapt. - Andrew Davies, Rick Cleveland, Kate Barnow, scénario - Jeff Beal, comp. - Kate Mara, Kristen Connolly, Michael Kelly, Robin Wright, Kevin Spacey, ... [et al.] act. 
207 1 |a   
215 |a 4 DVD vidéo monoface zone 2 (11 h 16 min)  |c 16/9, coul. (PAL), son. (Dolby digital 5.1) 
300 |a Langues principales : français, anglais; Sous-Titres : arabe, français, anglais 
327 |a L'Echiquier politique,Chaises musicales,Tables de négociations,Alliances stratégiques,Changement de programme,Fin de la récréation,Faites vos jeux,Les Copains d'avant,Tout compte fait,Rébellions,Descente en enfer,Echanges de bons procédés,La fin justifi 
330 |a Frank Underwood, homme politique rusé et vieux briscard de Washington, est prêt à tout pour conquérir le poste 'suprême'... 
464 |a L'Echiquier politique 
464 |a Chaises musicales 
464 |a Tables de négociations 
464 |a Alliances stratégiques 
464 |a Changement de programme 
464 |a Fin de la récréation 
464 |a Faites vos jeux 
464 |a Les Copains d'avant 
464 |a Tout compte fait 
464 |a Rébellions 
464 |a Descente en enfer 
464 |a Echanges de bons procédés 
464 |a La fin justifie les moyens 
700 0 |a Foley  |b James  |4 370 
701 0 |a Coulter  |b Allen  |4 370 
701 0 |a Fincher  |b David  |4 370 
702 0 |a Willimon  |b Beau  |4 100 
702 0 |a Barnow  |b Kate  |4 690 
702 0 |a Cleveland  |b Rick  |4 690 
702 0 |a Davies  |b Andrew  |4 690 
702 0 |a Beal  |b Jeff  |4 230 
702 0 |a Spacey  |b Kevin  |4 5 
702 0 |a Wright  |b Robin  |4 5 
702 0 |a Kelly  |b Michael  |4 5 
702 0 |a Connolly  |b Kristen  |4 5 
702 0 |a Mara  |b Kate  |4 5 
900 |a Série télévisée 
901 |a Adultes 
995 |a Médiathèque  |c Médiathèque  |f 00156008467862  |h 00156008467862  |k S HOU 1  |o p  |q a  |r gf  |e Médiathèque